000 01299nam a22002777a 4500
003 PE SENCICO BE
005 20260227145848.0
008 251218b |||||||| |||| 00| 0 eng d
020 _a848 929 263 9
040 _aPE SENCICO BE
_cPE SENCICO BE
041 _aspa
082 _a340
_bR91
_c1985
100 1 _aRubio Correa, Marcial
_9157
_eautor
245 1 _aEl sistema jurídico :
_bintroducción al derecho /
_cMarcial Rubio Correa
250 _a2a ed.
260 _aLima :
_bFondo Editorial de la Pontificia Universidad Católica del Perú ;
_c1985
300 _a368 páginas :
_c24 cm. x 17 cm.
504 _aBibliografía a final de cada capítulo
505 0 _aEl Estado y el derecho -- Estado y derecho en el Perú -- La Norma jurídica -- La legislación como fuente del derecho -- La jurisprudencia como fuente del derecho -- La costumbre como fuente del derecho -- La Doctrina como fuente del derecho -- La declaración de voluntad como fuente del derecho -- La interpretación jurídica -- La aplicación del sistema jurídico en el espacio y en el tiempo -- Teoría sobre el ser del derecho.
650 1 0 _aSistema jurídico
_9506
650 2 0 _aLegislación
_9507
650 2 0 _aJurisprudencia
_9508
651 0 _aPerú
_9385
910 _ahfp
942 _2ddc
_cLIB
999 _c9790
_d9790